000 00388nam a2200157Ia 4500
999 _c30835
_d30835
003 OSt
005 20250604141126.0
008 250310s9999||||xx |||||||||||||| ||und||
040 _c.
082 _a823.914
_bG6621
100 _94838
_aGordon, Richard
245 0 _aDoctor at sea /
_cRichard Gordon
260 _aLondon :
_bMichael Joseph ltd,
_c1969.
300 _a219 p.
942 _cBK
_2ddc